01743ngm a22001811i 450000100060000009000100000610000410001620000110005721000400006821500460010830000720015433009430022670000270116999000150119699501240121199501150133599501110145024957 a24957 a20120424u u u0frey50 ba1 aEragon cTwentieth Century FoxaLisboad2007 d1 DVD (aprox. 99 minutos) : color.; 19 cm aNº de registo 3715/2007. - M/ 6 anos. - Legendado em português  aElenco: Edward Speleers, Jeremy Irons, Sienna Guillory, Robert Carlyle, John Malkovich, Garrett Hedlund, Alun Armstrong, Christopher Egan, Gary Lewis, Djimon Hounsou, Rachel Weisz (voz), Richard Rifkin, Steve Speirs, Joss Stone. Sinopse: Prepara-te para entrar no fabuloso mundo de mito e magia com o primeiro emocionante capitulo da Trilogia da Herança! Num reino devastado por sombras e tirania, um pequeno raio de esperança emerge quando Eragon (Ed Speleers) encontra uma misteriosa "pedra" azul que é, na realidade, o último ovo de dragão existente. No momento que o ovo se quebra, os destinos de Eragon e de Safira ficam interligados para sempre, e juntos iniciam a árdua luta contra o maléfico Rei Galbatorix (John Malkovich). Recheado de acção, espectaculares efeitos especiais e uma história inspiradora de coragem e confiança em si próprio, esta aventura fantástica vai incendiar a tua imaginação.  1aFangmeierbStefen4370 cFILMES DVD 0010934116bBMVAALdBMVAALeDVDs / CD-Romsf0000764VIkFANm2017-09-06o0rFILMES DVDuM/ 6 anos aBMVAALcBMVAALq106 0010934117bBMVAdBMVAeDVDs / CD-Romsf0000755VIkFANm2024-04-30o0rFILMES DVDuM/ 6 anosaBMVAcBMVAq106 0010934118bBMVAAGdBMVAAGeDVDs / CD-Romsf0000781VIkFANo0rFILMES DVDuM/ 6 anosaBMVAAGcBMVAAGq106